Iskolák, óvodák felújítása Bővítik a konyhákat : Korszerűsítik a tornatermeket /

Elmentve itt :
Bibliográfiai részletek
Szerző: Ladányi Zsuzsa
Dokumentumtípus: Cikk
Megjelent: 1977-10-11
Sorozat:Délmagyarország 67 No. 239
Kulcsszavak:óvodák, bölcsődék
Online Access:http://dmarchiv.bibl.u-szeged.hu/116830
LEADER 00524nab a2200157 i 4500
001 delm116830
005 20190528082439.0
008 190528s1977 hu o 0|| hun d
040 |a SZTE Délmagyarország Archívum  |b hun 
041 |a hun 
100 1 |a Ladányi Zsuzsa 
245 1 0 |a Iskolák, óvodák felújítása   |h [elektronikus dokumentum] :  |b Bővítik a konyhákat : Korszerűsítik a tornatermeket /  |c  Ladányi Zsuzsa 
260 |c 1977-10-11 
300 |a 1 
490 0 |a Délmagyarország  |v 67 No. 239 
695 |a óvodák, bölcsődék